Normal view
MARC view
- ELECTRICAL ENERGY-GENERATION
Entry Topical Term
001 - CONTROL NUMBER
- control field: 68411
003 - CONTROL NUMBER IDENTIFIER
- control field: NUST
005 - DATE AND TIME OF LATEST TRANSACTION
- control field: 20210628204037.0
008 - FIXED-LENGTH DATA ELEMENTS
- fixed length control field: 210628|| aca||aabn | a|a d
040 ## - CATALOGING SOURCE
- Original cataloging agency: NUST
- Transcribing agency: NUST
150 ## - HEADING--TOPICAL TERM
- Topical term or geographic name entry element: ELECTRICAL ENERGY-GENERATION
670 ## - SOURCE DATA FOUND
- Source citation: Work cat.: (NUST): Gupta, B.R.Dr 68410, Generation of electrical energy, 2012
